Statistics for Leicestershire - Parts of City Names by Word Clue

Click here to take the quiz!

General Stats

  • This quiz has been taken 31 times
  • The average score is 12 of 15

Answer Stats

Name ClueLeicestershire City% Correct
Defensive building{Castle} Donington
100%
Fossil fuel{Coal}ville
100%
For selling things{Market} Harborough
100%
You can (hopefully) _____ to 10{Count}esthorpe
93%
Equivalent valueLutter{worth}
93%
Rank of nobility{Earl} Shilton
90%
Rodent{Rat}by
86%
Meat substitute brand{Quorn}
83%
Hard solid / measurementWhet{stone}
83%
Commonly in gardens or outdoors but isn’t naturalShep{shed}
79%
Tall{Mount}sorrel
76%
StonkIb{stock}
69%
StandBir{stall}
62%
Road name endingKibworth Har{court}
59%
Big and openMark{field}
55%

Score Distribution

Percentile by Number Answered

Percent of People with Each Score

Your Score History

You have not taken this quiz